Арилирование Р-нуклеофилов иодониевыми солями в присутствии воды; Химия и химическая технология в XXI веке; Т. 1

Sonraí bibleagrafaíochta
Parent link:Химия и химическая технология в XXI веке: материалы XXII Международной научно-практической конференции студентов и молодых ученых имени выдающихся химиков Л. П. Кулёва и Н. М. Кижнера, посвященной 125-летию со дня основания Томского политехнического университета, Томск, 17-20 мая 2021 г./ Национальный исследовательский Томский политехнический университет (ТПУ) ; Инженерная школа природных ресурсов ; Исследовательская школа химических и биомедицинских технологий.— , 2021
Т. 1.— 2021.— [С. 190-191]
Príomhchruthaitheoir: Изосимова К. М. Кристина Михайловна
Údar corparáideach: Национальный исследовательский Томский политехнический университет Исследовательская школа химических и биомедицинских технологий
Rannpháirtithe: Йошимура А. Акира (научный руководитель)
Achoimre:Заглавие с титульного экрана
Teanga:Rúisis
Foilsithe / Cruthaithe: 2021
Sraith:Химия и химическая технология органических веществ и материалов
Ábhair:
Rochtain ar líne:http://earchive.tpu.ru/handle/11683/66200
Formáid: Leictreonach Caibidil leabhair
KOHA link:https://koha.lib.tpu.ru/cgi-bin/koha/opac-detail.pl?biblionumber=632825

MARC

LEADER 00000naa2a2200000 4500
001 632825
005 20231101133730.0
035 |a (RuTPU)RU\TPU\conf\34547 
035 |a RU\TPU\conf\34545 
090 |a 632825 
100 |a 20210521d2021 k y0rusy50 ca 
101 0 |a rus 
102 |a RU 
105 |a y z 101zy 
135 |a drgn ---uucaa 
181 0 |a i  
182 0 |a b 
200 1 |a Арилирование Р-нуклеофилов иодониевыми солями в присутствии воды  |f К. М. Изосимова  |g науч. рук. А. Йошимура 
203 |a Текст  |c электронный 
225 1 |a Химия и химическая технология органических веществ и материалов 
230 |a 1 компьютерный файл (pdf; 1 475 Kb) 
300 |a Заглавие с титульного экрана 
320 |a [Библиогр.: с. 191 (13 назв.)] 
338 |b Российский научный фонд  |d 21-73-20031 
461 1 |0 (RuTPU)RU\TPU\conf\34506  |t Химия и химическая технология в XXI веке  |o материалы XXII Международной научно-практической конференции студентов и молодых ученых имени выдающихся химиков Л. П. Кулёва и Н. М. Кижнера, посвященной 125-летию со дня основания Томского политехнического университета, Томск, 17-20 мая 2021 г.  |o в 2 т.  |f Национальный исследовательский Томский политехнический университет (ТПУ) ; Инженерная школа природных ресурсов ; Исследовательская школа химических и биомедицинских технологий  |d 2021 
463 1 |0 (RuTPU)RU\TPU\conf\34507  |t Т. 1  |v [С. 190-191]  |d 2021 
610 1 |a труды учёных ТПУ 
610 1 |a электронный ресурс 
610 1 |a арилирование 
610 1 |a нуклеофилы 
610 1 |a иодониевые соли 
610 1 |a поливалентный иод 
610 1 |a синтез 
700 1 |a Изосимова  |b К. М.  |c химик  |c инженер-исследователь Томского политехнического университета  |f 1999-  |g Кристина Михайловна  |2 stltpush  |3 (RuTPU)RU\TPU\pers\46856 
702 1 |a Йошимура  |b А.  |c химик-технолог  |c профессор Томского политехнического университета  |f 1981-  |g Акира  |2 stltpush  |4 727 
712 0 2 |a Национальный исследовательский Томский политехнический университет  |b Исследовательская школа химических и биомедицинских технологий  |c (2017- )  |h 8120  |2 stltpush  |3 (RuTPU)RU\TPU\col\23537 
801 2 |a RU  |b 63413507  |c 20210531  |g RCR 
856 4 |u http://earchive.tpu.ru/handle/11683/66200 
942 |c BK